[Event "c14"]
[Site "?"]
[Date "2020.08.25"]
[Round "4.11"]
[White "Demski, Michal"]
[Black "Kolodziejski, Piotr"]
[Result "0-1"]
[BlackElo "1497"]
[WhiteElo "1676"]
[LiveChessVersion "1.4.8"]

1. e4 {[%clk 0:15:18]} c5 {[%clk 0:15:18]} 2. Nc3 {[%clk 0:15:27]} Nc6
{[%clk 0:15:25]} 3. Bb5 {[%clk 0:15:35]} e6 {[%clk 0:15:31]} 4. f4
{[%clk 0:15:41]} Qc7 {[%clk 0:15:27]} 5. d3 {[%clk 0:15:46]} a6 {[%clk 0:15:27]}
6. Bxc6 {[%clk 0:15:54]} Qxc6 {[%clk 0:15:26]} 7. Nf3 {[%clk 0:16:03]} d6
{[%clk 0:15:32]} 8. O-O {[%clk 0:16:10]} g6 {[%clk 0:15:28]} 9. Qe1
{[%clk 0:16:18]} Bg7 {[%clk 0:15:31]} 10. Kh1 {[%clk 0:16:25]} Ne7
{[%clk 0:15:36]} 11. Qh4 {[%clk 0:16:33]} f5 {[%clk 0:15:20]} 12. e5
{[%clk 0:16:13]} d5 {[%clk 0:15:04]} 13. Ne2 {[%clk 0:14:45]} d4 {[%clk 0:14:13]}
14. Nd2 {[%clk 0:14:48]} b5 {[%clk 0:14:01]} 15. b4 {[%clk 0:14:46]} Bb7
{[%clk 0:13:50]} 16. Rf2 {[%clk 0:14:53]} Rd8 {[%clk 0:13:09]} 17. Nb3
{[%clk 0:15:01]} cxb4 {[%clk 0:12:29]} 18. Nexd4 {[%clk 0:14:21]} Rxd4
{[%clk 0:11:34]} 19. Nxd4 {[%clk 0:14:27]} Qc3 {[%clk 0:11:37]} 20. Rf1
{[%clk 0:13:20]} Qxd4 {[%clk 0:10:58]} 21. Bd2 {[%clk 0:13:20]} Nd5
{[%clk 0:10:43]} 22. Rab1 {[%clk 0:12:08]} Nc3 {[%clk 0:10:25]} 23. Bxc3
{[%clk 0:11:13]} bxc3 {[%clk 0:10:31]} 24. Rb3 {[%clk 0:11:02]} Qd5
{[%clk 0:08:58]} 25. Rf2 {[%clk 0:09:42]} Qc5 {[%clk 0:08:48]} 26. Rf1
{[%clk 0:09:13]} Bd5 {[%clk 0:08:47]} 27. Rbb1 {[%clk 0:09:13]} O-O
{[%clk 0:08:31]} 28. Ra1 {[%clk 0:08:56]} a5 {[%clk 0:08:20]} 29. a3
{[%clk 0:08:40]} Re8 {[%clk 0:07:42]} 30. h3 {[%clk 0:08:34]} Bf8
{[%clk 0:07:44]} 31. Qg3 {[%clk 0:08:34]} Kg7 {[%clk 0:07:07]} 32. Rfd1
{[%clk 0:08:09]} Qd4 {[%clk 0:07:02]} 33. Rdb1 {[%clk 0:08:03]} Bc6
{[%clk 0:06:57]} 34. Qh4 {[%clk 0:07:37]} Be7 {[%clk 0:07:04]} 35. Qg3
{[%clk 0:07:46]} Rf8 {[%clk 0:06:56]} 36. Rb3 {[%clk 0:07:17]} a4
{[%clk 0:06:52]} 37. Rbb1 {[%clk 0:07:21]} Bc5 {[%clk 0:06:52]} 38. Rf1
{[%clk 0:07:01]} Qe3 {[%clk 0:06:17]} 39. Qxe3 {[%clk 0:06:25]} Bxe3
{[%clk 0:06:25]} 40. Rae1 {[%clk 0:06:33]} Bc5 {[%clk 0:06:31]} 41. Ra1
{[%clk 0:06:41]} Rd8 {[%clk 0:06:38]} 42. Kh2 {[%clk 0:06:43]} h5
{[%clk 0:05:51]} 43. Kg3 {[%clk 0:05:50]} Rd4 {[%clk 0:05:28]} 44. Rfb1
{[%clk 0:05:35]} h4+ {[%clk 0:05:14]} 45. Kxh4 {[%clk 0:05:35]} Rxf4+
{[%clk 0:05:17]} 46. g4 {[%clk 0:05:30]} Rf3 {[%clk 0:04:48]} 47. gxf5
{[%clk 0:05:23]} Bf2+ {[%clk 0:03:51]} 48. Kg5 {[%clk 0:05:16]} Rxf5+
{[%clk 0:03:55]} 49. Kg4 {[%clk 0:05:24]} Bf3# {[%clk 0:04:03]} 0-1

[Event "c14"]
[Site "?"]
[Date "2020.08.25"]
[Round "4.12"]
[White "Maslanka, Wojciech"]
[Black "Wnek, Filip"]
[Result "0-1"]
[BlackElo "1673"]
[WhiteElo "1487"]
[LiveChessVersion "1.4.8"]

1. e4 {[%clk 0:15:12]} c5 {[%clk 0:15:19]} 2. Nf3 {[%clk 0:15:19]} d6
{[%clk 0:15:28]} 3. Bb5+ {[%clk 0:15:27]} Bd7 {[%clk 0:15:36]} 4. Bxd7+
{[%clk 0:15:34]} Qxd7 {[%clk 0:15:43]} 5. c4 {[%clk 0:15:42]} e5 {[%clk 0:15:34]}
6. Nc3 {[%clk 0:15:43]} Ne7 {[%clk 0:15:30]} 7. d3 {[%clk 0:15:34]} g6
{[%clk 0:15:17]} 8. Bg5 {[%clk 0:13:12]} Bg7 {[%clk 0:15:13]} 9. Qd2
{[%clk 0:12:25]} Nbc6 {[%clk 0:15:00]} 10. a3 {[%clk 0:09:48]} Nd4
{[%clk 0:14:30]} 11. Nxd4 {[%clk 0:09:40]} cxd4 {[%clk 0:14:37]} 12. Ne2
{[%clk 0:09:04]} h6 {[%clk 0:13:37]} 13. Bxe7 {[%clk 0:08:56]} Qxe7
{[%clk 0:13:43]} 14. O-O {[%clk 0:09:04]} O-O {[%clk 0:13:44]} 15. f4
{[%clk 0:09:10]} f5 {[%clk 0:13:35]} 16. exf5 {[%clk 0:08:53]} gxf5
{[%clk 0:11:36]} 17. Ng3 {[%clk 0:08:39]} e4 {[%clk 0:11:23]} 18. dxe4
{[%clk 0:08:30]} fxe4 {[%clk 0:11:29]} 19. Rae1 {[%clk 0:08:36]} e3
{[%clk 0:11:35]} 20. Qd3 {[%clk 0:08:40]} Qf7 {[%clk 0:11:24]} 21. f5
{[%clk 0:08:02]} Be5 {[%clk 0:11:07]} 22. f6 {[%clk 0:07:16]} Qh7
{[%clk 0:09:52]} 23. Ne4 {[%clk 0:05:10]} Rae8 {[%clk 0:09:50]} 24. Kh1
{[%clk 0:03:26]} Re6 {[%clk 0:08:14]} 25. Rf3 {[%clk 0:02:12]} Kh8
{[%clk 0:07:36]} 26. Ref1 {[%clk 0:00:34]} Rexf6 {[%clk 0:06:48]} 27. Qb1
{[%clk 0:00:12]} Rxf3 {[%clk 0:06:38]} 28. Rxf3 {[%clk 0:00:14]} Rxf3
{[%clk 0:05:21]} 29. gxf3 {[%clk 0:00:23]} e2 {[%clk 0:05:16]} 30. Qe1
{[%clk 0:00:14]} d3 {[%clk 0:05:24]} 31. Qa5 {[%clk 0:00:15]} Qe7
{[%clk 0:04:41]} 32. h3 {[%clk 0:00:13]} Qh4 {[%clk 0:04:38]} 33. Kg2
{[%clk 0:00:16]} e1=Q {[%clk 0:04:42]} 0-1

[Event "c14"]
[Site "?"]
[Date "2020.08.25"]
[Round "5.2"]
[White "Karolczuk, Iwo"]
[Black "Chyzy, Jakub"]
[Result "1/2-1/2"]
[BlackElo "1930"]
[WhiteElo "1951"]
[LiveChessVersion "1.4.8"]

1. Nf3 Nf6 2. d4 d6 3. e3 Nbd7 4. Be2 g6 5. O-O Bg7 6. b3 O-O 7. Bb2 Re8 8. c4 c6
9. Nc3 e5 10. b4 e4 11. Nd2 d5 12. b5 c5 13. cxd5 cxd4 14. exd4 Nb6 15. Nc4 Nfxd5
16. Nxd5 Nxd5 17. Ne5 f6 18. Ng4 Bxg4 19. Bxg4 f5 20. Be2 Kh8 21. Bc4 Nb6 22. Bb3
Qg5 23. Rc1 Re7 24. Rc5 Rd8 25. Qa1 Qf6 26. Re5 Nd7 27. Rxe7 Qxe7 28. Qc1 Qf6 29.
Qc7 Qb6 30. Rc1 a6 31. bxa6 bxa6 32. g3 Qxc7 33. Rxc7 Nf8 34. Ra7 Bxd4 35. Bxd4+
Rxd4 36. Rxa6 Nd7 37. Ra4 1/2-1/2

[Event "c14"]
[Site "?"]
[Date "2020.08.25"]
[Round "5.3"]
[White "Trzebinski, Patryk"]
[Black "Malek, Jan"]
[Result "0-1"]
[BlackElo "1843"]
[WhiteElo "1815"]
[LiveChessVersion "1.4.8"]

1. e4 {[%clk 0:15:19]} d6 {[%clk 0:15:19]} 2. d4 {[%clk 0:15:28]} Nf6
{[%clk 0:15:28]} 3. Nc3 {[%clk 0:15:37]} Nbd7 {[%clk 0:15:37]} 4. Nf3
{[%clk 0:15:44]} e5 {[%clk 0:15:46]} 5. Bc4 {[%clk 0:15:52]} Be7 {[%clk 0:15:55]}
6. O-O {[%clk 0:15:57]} O-O {[%clk 0:16:02]} 7. Re1 {[%clk 0:15:44]} c6
{[%clk 0:16:10]} 8. a4 {[%clk 0:15:53]} Qc7 {[%clk 0:16:11]} 9. Be3
{[%clk 0:15:53]} h6 {[%clk 0:16:16]} 10. h3 {[%clk 0:16:01]} Rd8 {[%clk 0:16:01]}
11. Bb3 {[%clk 0:15:56]} Nf8 {[%clk 0:16:07]} 12. a5 {[%clk 0:15:47]} Ng6
{[%clk 0:16:09]} 13. d5 {[%clk 0:15:05]} cxd5 {[%clk 0:16:06]} 14. Bxd5
{[%clk 0:14:56]} Be6 {[%clk 0:16:08]} 15. Re2 {[%clk 0:13:41]} Bxd5
{[%clk 0:15:56]} 16. Nxd5 {[%clk 0:13:48]} Nxd5 {[%clk 0:16:04]} 17. Qxd5
{[%clk 0:13:56]} Qc6 {[%clk 0:15:47]} 18. Rd1 {[%clk 0:13:44]} Qxd5
{[%clk 0:15:43]} 19. Rxd5 {[%clk 0:13:52]} Rdc8 {[%clk 0:15:47]} 20. Rb5
{[%clk 0:12:54]} Rc7 {[%clk 0:15:55]} 21. b3 {[%clk 0:12:24]} a6 {[%clk 0:16:02]}
22. Rd5 {[%clk 0:11:58]} Nf8 {[%clk 0:16:06]} 23. c4 {[%clk 0:11:52]} Rac8
{[%clk 0:16:09]} 24. Nd2 {[%clk 0:10:17]} Nd7 {[%clk 0:16:15]} 25. Nb1
{[%clk 0:06:58]} Nc5 {[%clk 0:16:05]} 26. Bxc5 {[%clk 0:06:52]} Rxc5
{[%clk 0:16:13]} 27. Nc3 {[%clk 0:06:23]} Rxd5 {[%clk 0:16:17]} 28. Nxd5
{[%clk 0:06:29]} Bd8 {[%clk 0:16:26]} 29. Rc2 {[%clk 0:06:17]} Kf8
{[%clk 0:16:19]} 30. b4 {[%clk 0:06:09]} Ke8 {[%clk 0:16:21]} 31. Kf1
{[%clk 0:06:08]} Kd7 {[%clk 0:16:26]} 32. Ke2 {[%clk 0:06:12]} Ke6
{[%clk 0:16:35]} 33. Kd3 {[%clk 0:06:19]} f5 {[%clk 0:16:28]} 34. Ne3
{[%clk 0:04:50]} g6 {[%clk 0:16:24]} 35. f3 {[%clk 0:03:23]} Bh4 {[%clk 0:15:34]}
36. g4 {[%clk 0:02:39]} fxg4 {[%clk 0:15:29]} 37. fxg4 {[%clk 0:02:18]} Rf8
{[%clk 0:15:10]} 38. Rh2 {[%clk 0:01:23]} Rf3 {[%clk 0:14:55]} 39. Ke2
{[%clk 0:01:30]} Rf8 40. Nd5 {[%clk 0:01:15]} Rf7 {[%clk 0:14:09]} 41. b5
{[%clk 0:00:56]} Rf8 {[%clk 0:13:59]} 42. bxa6 {[%clk 0:00:20]} bxa6
{[%clk 0:14:08]} 43. Kd3 {[%clk 0:00:27]} Rb8 {[%clk 0:14:18]} 44. Rc2
{[%clk 0:00:21]} Be1 {[%clk 0:14:18]} 45. Nc7+ {[%clk 0:00:28]} Kd7
{[%clk 0:14:25]} 46. Nd5 {[%clk 0:00:34]} Rb3+ {[%clk 0:14:26]} 47. Ke2
{[%clk 0:00:43]} Bxa5 {[%clk 0:14:31]} 48. Ra2 {[%clk 0:00:51]} Bd8
{[%clk 0:14:33]} 49. Rxa6 {[%clk 0:00:35]} Rxh3 {[%clk 0:14:35]} 50. Ra7+
{[%clk 0:00:38]} Kc6 {[%clk 0:14:43]} 51. Ra8 {[%clk 0:00:32]} Bg5 52. Rc8+
{[%clk 0:00:38]} Kd7 {[%clk 0:14:35]} 53. Rg8 {[%clk 0:00:46]} Kc6
{[%clk 0:14:32]} 54. Rc8+ {[%clk 0:00:18]} Kd7 {[%clk 0:14:13]} 55. Rg8
{[%clk 0:00:25]} Rg3 {[%clk 0:14:18]} 56. Rxg6 {[%clk 0:00:33]} Kc6
{[%clk 0:14:27]} 57. Nb4+ {[%clk 0:00:24]} Kc5 {[%clk 0:14:36]} 58. Nd3+
{[%clk 0:00:32]} Kxc4 {[%clk 0:14:44]} 59. Nf2 {[%clk 0:00:26]} Re3+
{[%clk 0:14:00]} 60. Kf1 {[%clk 0:00:23]} Kc5 {[%clk 0:14:08]} 61. Rg8
{[%clk 0:00:25]} Bh4 {[%clk 0:14:15]} 62. Rc8+ {[%clk 0:00:12]} Kd4
{[%clk 0:14:23]} 63. Nh1 {[%clk 0:00:11]} Rxe4 {[%clk 0:14:25]} 64. Rh8
{[%clk 0:00:19]} Rxg4 {[%clk 0:14:25]} 65. Ra8 {[%clk 0:00:28]} Rf4+
{[%clk 0:14:25]} 66. Ke2 {[%clk 0:00:29]} e4 {[%clk 0:14:33]} 67. Ra4+
{[%clk 0:00:35]} Ke5 {[%clk 0:14:41]} 68. Ra5+ {[%clk 0:00:45]} d5
{[%clk 0:14:50]} 69. Ra3 {[%clk 0:00:52]} Rg4 {[%clk 0:14:55]} 70. Rh3
{[%clk 0:01:00]} d4 {[%clk 0:15:01]} 71. Nf2 {[%clk 0:01:06]} d3+
{[%clk 0:15:08]} 72. Kd1 {[%clk 0:00:46]} Bxf2 {[%clk 0:15:13]} 73. Rxh6
{[%clk 0:00:52]} Be3 {[%clk 0:15:21]} 74. Rh5+ {[%clk 0:01:00]} Kd4
{[%clk 0:15:30]} 75. Rh1 {[%clk 0:01:06]} Rg1+ {[%clk 0:15:38]} 76. Rxg1
{[%clk 0:01:14]} Bxg1 0-1

[Event "c14"]
[Site "?"]
[Date "2020.08.25"]
[Round "5.4"]
[White "Rog, Bartlomiej"]
[Black "Kutowski, Marcel"]
[Result "0-1"]
[BlackElo "1819"]
[WhiteElo "1550"]
[LiveChessVersion "1.4.8"]

1. e4 {[%clk 0:15:19]} c6 {[%clk 0:15:19]} 2. d4 {[%clk 0:15:27]} d5
{[%clk 0:15:27]} 3. Nc3 {[%clk 0:15:34]} dxe4 4. Nxe4 Bf5 {[%clk 0:15:44]} 5. Ng3
{[%clk 0:15:53]} Bg6 {[%clk 0:15:53]} 6. Bc4 {[%clk 0:16:02]} e6 {[%clk 0:15:41]}
7. N1e2 {[%clk 0:16:10]} Nf6 {[%clk 0:15:44]} 8. f4 {[%clk 0:16:13]} Be7
{[%clk 0:14:57]} 9. O-O {[%clk 0:16:20]} Bf5 {[%clk 0:15:01]} 10. Nxf5
{[%clk 0:14:14]} exf5 {[%clk 0:15:09]} 11. Bd3 {[%clk 0:14:05]} g6
{[%clk 0:15:08]} 12. b3 {[%clk 0:14:14]} O-O {[%clk 0:14:52]} 13. Bb2
{[%clk 0:14:23]} Nd5 {[%clk 0:13:20]} 14. Rf3 {[%clk 0:14:19]} Bf6
{[%clk 0:13:15]} 15. Rh3 {[%clk 0:13:03]} Re8 {[%clk 0:12:16]} 16. c4
{[%clk 0:12:41]} Nb4 {[%clk 0:11:19]} 17. a3 {[%clk 0:11:30]} Nxd3
{[%clk 0:11:25]} 18. Rxd3 {[%clk 0:11:39]} Re4 {[%clk 0:10:12]} 19. Qd2
{[%clk 0:11:41]} Qc7 {[%clk 0:08:55]} 20. Nc3 {[%clk 0:08:30]} Rxf4
{[%clk 0:05:22]} 21. d5 {[%clk 0:08:39]} Qb6+ {[%clk 0:05:13]} 22. Kh1
{[%clk 0:08:37]} Rf2 {[%clk 0:04:46]} 23. Qc1 {[%clk 0:07:32]} Qxb3
{[%clk 0:04:06]} 24. Rb1 {[%clk 0:07:42]} Qxc4 {[%clk 0:04:09]} 25. Qe3
{[%clk 0:07:35]} f4 {[%clk 0:01:15]} 26. Qe4 {[%clk 0:05:24]} cxd5
{[%clk 0:00:16]} 27. Nxd5 {[%clk 0:05:07]} Rxb2 {[%clk 0:00:14]} 28. Nxf6+
{[%clk 0:05:15]} Kg7 {[%clk 0:00:23]} 29. Ne8+ {[%clk 0:01:46]} Kf8
{[%clk 0:00:31]} 30. Qe1 {[%clk 0:01:55]} Rxb1 {[%clk 0:00:22]} 31. Qxb1
{[%clk 0:02:04]} Kxe8 {[%clk 0:00:21]} 32. Qe1+ {[%clk 0:00:44]} Qe6
{[%clk 0:00:30]} 33. Qd1 {[%clk 0:00:21]} Nc6 {[%clk 0:00:30]} 34. Rd6
{[%clk 0:00:28]} Qe7 {[%clk 0:00:30]} 35. Rd2 {[%clk 0:00:37]} Rd8
{[%clk 0:00:31]} 36. Rxd8+ {[%clk 0:00:38]} Qxd8 {[%clk 0:00:36]} 37. Qe1+
{[%clk 0:00:47]} Kf8 {[%clk 0:00:45]} 38. h3 {[%clk 0:00:56]} Kg7
{[%clk 0:00:51]} 39. Qc3+ {[%clk 0:01:05]} Qd4 {[%clk 0:00:59]} 40. Qb3
{[%clk 0:01:13]} Qf2 {[%clk 0:00:37]} 41. Qc3+ {[%clk 0:01:17]} Kh6
{[%clk 0:00:31]} 42. Qh8 {[%clk 0:00:59]} Qc5 {[%clk 0:00:20]} 43. Qf6
{[%clk 0:01:06]} Qd4 {[%clk 0:00:20]} 44. Qh4+ {[%clk 0:01:05]} Kg7
{[%clk 0:00:30]} 45. Qe1 {[%clk 0:01:15]} Ne5 {[%clk 0:00:36]} 46. Qe2
{[%clk 0:01:13]} Qe3 {[%clk 0:00:31]} 47. Qb2 {[%clk 0:01:21]} f3
{[%clk 0:00:38]} 48. gxf3 {[%clk 0:01:27]} Qxf3+ {[%clk 0:00:47]} 49. Kh2
{[%clk 0:01:30]} Qf4+ {[%clk 0:00:49]} 50. Kh1 {[%clk 0:01:38]} Qe4+
{[%clk 0:00:51]} 51. Kh2 {[%clk 0:01:47]} f6 {[%clk 0:00:50]} 0-1

[Event "c14"]
[Site "?"]
[Date "2020.08.25"]
[Round "5.5"]
[White "Kazmierowski, Tymon"]
[Black "Wojdak, Jan"]
[Result "1-0"]
[BlackElo "1917"]
[WhiteElo "1574"]
[LiveChessVersion "1.4.8"]

1. d4 d5 2. c4 e6 3. Nf3 a6 4. Nbd2 Nf6 5. g3 dxc4 6. Nxc4 b5 7. Nce5 Bb7 8. Bg2
Bb4+ 9. Bd2 Bxd2+ 10. Qxd2 O-O 11. O-O Nbd7 12. Rac1 Nb6 13. Qc2 Rc8 14. Rfd1 Bd5
15. Nc6 Bxc6 16. Qxc6 Nfd5 17. Ne5 Ne7 18. Qc5 f6 19. Nc6 Nxc6 20. Qxc6 Qd6 21.
Bh3 f5 22. Bg2 Nc4 23. b3 Na5 24. Qc3 Qa3 25. d5 b4 26. Qc2 e5 27. d6 cxd6 28.
Bd5+ 1-0

[Event "c14"]
[Site "?"]
[Date "2020.08.25"]
[Round "5.6"]
[White "Starosciak, Szymon"]
[Black "Fiszer, Bartosz"]
[Result "0-1"]
[BlackElo "1890"]
[WhiteElo "1543"]
[LiveChessVersion "1.4.8"]

1. e4 {[%clk 0:15:18]} c5 {[%clk 0:15:18]} 2. Nf3 {[%clk 0:15:26]} Nc6
{[%clk 0:15:26]} 3. d4 {[%clk 0:15:35]} cxd4 {[%clk 0:15:35]} 4. Nxd4
{[%clk 0:15:43]} e5 {[%clk 0:15:43]} 5. Nb5 {[%clk 0:15:50]} d6 {[%clk 0:15:52]}
6. c4 {[%clk 0:15:55]} Be7 {[%clk 0:15:57]} 7. N1c3 {[%clk 0:16:02]} a6
{[%clk 0:16:05]} 8. Na3 {[%clk 0:16:11]} Be6 {[%clk 0:15:57]} 9. Nc2
{[%clk 0:16:13]} Bg5 {[%clk 0:15:58]} 10. Be2 {[%clk 0:15:48]} Bxc1
{[%clk 0:15:57]} 11. Rxc1 {[%clk 0:15:55]} Nf6 {[%clk 0:15:47]} 12. O-O
{[%clk 0:16:00]} O-O {[%clk 0:15:54]} 13. Qd2 {[%clk 0:15:45]} Qb6
{[%clk 0:16:01]} 14. Rfd1 {[%clk 0:15:08]} Rfd8 {[%clk 0:15:50]} 15. b3
{[%clk 0:13:58]} Rac8 {[%clk 0:15:54]} 16. Nd5 {[%clk 0:12:59]} Bxd5
{[%clk 0:15:27]} 17. exd5 {[%clk 0:13:05]} Ne7 {[%clk 0:15:34]} 18. Qe3
{[%clk 0:12:14]} Qxe3 {[%clk 0:15:17]} 19. Nxe3 {[%clk 0:12:22]} Nd7
{[%clk 0:15:24]} 20. Bg4 {[%clk 0:12:19]} g6 {[%clk 0:15:17]} 21. Bxd7
{[%clk 0:12:26]} Rxd7 {[%clk 0:15:25]} 22. b4 {[%clk 0:11:39]} b6
{[%clk 0:15:06]} 23. Rd3 {[%clk 0:10:10]} Rdc7 {[%clk 0:14:35]} 24. Ra3
{[%clk 0:10:12]} Ra7 {[%clk 0:14:12]} 25. Rac3 {[%clk 0:09:27]} f5
{[%clk 0:11:50]} 26. g3 {[%clk 0:08:36]} f4 {[%clk 0:09:01]} 27. Nd1
{[%clk 0:04:59]} Rac7 {[%clk 0:09:02]} 28. Kf1 {[%clk 0:04:01]} Kf7
{[%clk 0:08:12]} 29. Ke2 {[%clk 0:04:05]} g5 {[%clk 0:08:06]} 30. Kd3
{[%clk 0:03:50]} Ng6 {[%clk 0:06:13]} 31. f3 {[%clk 0:03:37]} e4+
{[%clk 0:05:39]} 32. fxe4 {[%clk 0:03:03]} Ne5+ {[%clk 0:05:46]} 33. Kd4
{[%clk 0:03:03]} Kf6 {[%clk 0:04:02]} 34. Nf2 {[%clk 0:01:26]} a5
{[%clk 0:02:52]} 35. a3 {[%clk 0:00:39]} axb4 {[%clk 0:02:41]} 36. axb4
{[%clk 0:00:47]} Ra7 {[%clk 0:02:50]} 37. gxf4 {[%clk 0:00:46]} gxf4
{[%clk 0:02:58]} 38. Nh3 {[%clk 0:00:49]} f3 {[%clk 0:02:13]} 39. Nf4
{[%clk 0:00:22]} Ra2 {[%clk 0:02:07]} 40. R1c2 {[%clk 0:00:22]} f2
{[%clk 0:01:16]} 41. Nh5+ {[%clk 0:00:21]} Kg5 {[%clk 0:01:16]} 42. Ng3
{[%clk 0:00:28]} Rxc2 {[%clk 0:00:45]} 43. Rxc2 {[%clk 0:00:38]} Rf8
{[%clk 0:00:53]} 44. Nf1 {[%clk 0:00:16]} Rf3 {[%clk 0:00:22]} 45. Rd2
{[%clk 0:00:16]} Rb3 {[%clk 0:00:29]} 0-1

[Event "c14"]
[Site "?"]
[Date "2020.08.25"]
[Round "5.7"]
[White "Kejna, Piotr"]
[Black "Bancarewicz, Aleks"]
[Result "1/2-1/2"]
[BlackElo "1647"]
[WhiteElo "1812"]
[LiveChessVersion "1.4.8"]

1. e4 {[%clk 0:15:19]} c5 {[%clk 0:15:17]} 2. Nf3 {[%clk 0:15:28]} d6
{[%clk 0:15:26]} 3. d4 {[%clk 0:15:37]} cxd4 {[%clk 0:15:34]} 4. Nxd4
{[%clk 0:15:46]} Nf6 {[%clk 0:15:41]} 5. Nc3 {[%clk 0:15:54]} a6 {[%clk 0:15:50]}
6. Be3 {[%clk 0:16:03]} e5 {[%clk 0:15:56]} 7. Nb3 {[%clk 0:16:12]} Be7
{[%clk 0:15:52]} 8. f3 {[%clk 0:16:18]} Be6 {[%clk 0:16:00]} 9. Qd2
{[%clk 0:16:27]} O-O {[%clk 0:15:52]} 10. O-O-O {[%clk 0:16:23]} Nbd7
{[%clk 0:16:00]} 11. g4 {[%clk 0:16:18]} b5 {[%clk 0:16:09]} 12. h4
{[%clk 0:16:14]} b4 {[%clk 0:15:28]} 13. Nd5 {[%clk 0:16:00]} Bxd5
{[%clk 0:14:44]} 14. exd5 {[%clk 0:16:08]} Nb6 {[%clk 0:14:53]} 15. Bxb6
{[%clk 0:15:26]} Qxb6 {[%clk 0:14:55]} 16. Bd3 {[%clk 0:13:45]} a5
{[%clk 0:13:47]} 17. Qe2 {[%clk 0:13:35]} a4 {[%clk 0:13:41]} 18. Nd2
{[%clk 0:13:36]} a3 {[%clk 0:10:51]} 19. b3 {[%clk 0:11:36]} Qd4 {[%clk 0:10:52]}
20. Nc4 {[%clk 0:10:55]} Qa1+ {[%clk 0:10:46]} 21. Kd2 {[%clk 0:11:04]} Qc3+
{[%clk 0:10:54]} 22. Kc1 {[%clk 0:11:05]} Rac8 {[%clk 0:05:01]} 23. g5
{[%clk 0:09:17]} Nxd5 {[%clk 0:04:16]} 24. Qe4 {[%clk 0:09:11]} Qa1+
{[%clk 0:03:18]} 25. Kd2 {[%clk 0:09:20]} Qc3+ {[%clk 0:03:27]} 26. Kc1
{[%clk 0:09:27]} 1/2-1/2

[Event "c14"]
[Site "?"]
[Date "2020.08.25"]
[Round "5.8"]
[White "Jeda, Maciej"]
[Black "Herwy, Jakub"]
[Result "0-1"]
[BlackElo "1615"]
[WhiteElo "1806"]
[LiveChessVersion "1.4.8"]

1. e4 {[%clk 0:15:18]} c5 {[%clk 0:15:19]} 2. Nf3 {[%clk 0:15:27]} e6
{[%clk 0:15:28]} 3. d4 {[%clk 0:15:36]} cxd4 {[%clk 0:15:37]} 4. Nxd4
{[%clk 0:15:44]} a6 {[%clk 0:15:46]} 5. c4 {[%clk 0:15:39]} Nf6 {[%clk 0:15:53]}
6. Bd3 {[%clk 0:15:45]} Qc7 {[%clk 0:15:53]} 7. O-O {[%clk 0:15:02]} b6
{[%clk 0:15:30]} 8. Nc3 {[%clk 0:14:59]} Bb7 {[%clk 0:15:39]} 9. Be3
{[%clk 0:14:43]} h5 {[%clk 0:15:12]} 10. f3 {[%clk 0:13:55]} h4 {[%clk 0:14:38]}
11. Qd2 {[%clk 0:10:33]} Bd6 {[%clk 0:13:54]} 12. h3 {[%clk 0:08:51]} Bh2+
{[%clk 0:13:53]} 13. Kh1 {[%clk 0:08:59]} Nc6 {[%clk 0:11:19]} 14. Nde2
{[%clk 0:08:50]} Ne5 {[%clk 0:08:20]} 15. Bxb6 {[%clk 0:04:23]} Qxb6
{[%clk 0:08:29]} 16. Kxh2 {[%clk 0:04:31]} Qd6 {[%clk 0:08:38]} 17. f4
{[%clk 0:03:06]} Qxd3 {[%clk 0:08:31]} 18. Qxd3 {[%clk 0:02:21]} Nxd3
{[%clk 0:08:39]} 19. e5 {[%clk 0:01:55]} Ne4 {[%clk 0:08:30]} 20. Nxe4
{[%clk 0:01:44]} Bxe4 {[%clk 0:08:38]} 21. Nc3 {[%clk 0:01:53]} Bc6
{[%clk 0:08:42]} 22. b3 {[%clk 0:01:33]} Ke7 {[%clk 0:08:49]} 23. a3
{[%clk 0:01:26]} a5 {[%clk 0:08:54]} 24. Rad1 {[%clk 0:01:22]} Nc5
{[%clk 0:09:00]} 25. b4 {[%clk 0:01:30]} axb4 {[%clk 0:09:08]} 26. axb4
{[%clk 0:01:39]} Na4 {[%clk 0:09:04]} 27. Ne2 {[%clk 0:01:26]} Nb6
{[%clk 0:09:06]} 28. b5 {[%clk 0:01:12]} Bb7 {[%clk 0:09:13]} 29. c5
{[%clk 0:01:19]} Nd5 {[%clk 0:09:21]} 30. Nd4 {[%clk 0:01:22]} Ne3
{[%clk 0:09:28]} 0-1

[Event "c14"]
[Site "?"]
[Date "2020.08.25"]
[Round "5.9"]
[White "Wieczorek, Mikolaj"]
[Black "Meers, Hubert"]
[Result "1-0"]
[BlackElo "1802"]
[WhiteElo "1550"]
[LiveChessVersion "1.4.8"]

1. d4 {[%clk 0:15:15]} g6 {[%clk 0:15:15]} 2. c4 {[%clk 0:15:24]} Bg7
{[%clk 0:15:23]} 3. Nc3 {[%clk 0:15:32]} d6 {[%clk 0:15:31]} 4. e4
{[%clk 0:15:41]} Nc6 {[%clk 0:15:08]} 5. Be3 {[%clk 0:15:46]} e5 {[%clk 0:15:16]}
6. d5 {[%clk 0:15:29]} Nd4 {[%clk 0:15:24]} 7. Nge2 {[%clk 0:15:21]} Nxe2
{[%clk 0:15:09]} 8. Bxe2 {[%clk 0:15:27]} f5 {[%clk 0:15:17]} 9. f3
{[%clk 0:14:56]} Nf6 {[%clk 0:15:13]} 10. Qd2 {[%clk 0:15:01]} O-O
{[%clk 0:14:48]} 11. O-O-O {[%clk 0:14:50]} a6 {[%clk 0:14:43]} 12. Bh6
{[%clk 0:14:59]} fxe4 {[%clk 0:14:18]} 13. fxe4 {[%clk 0:14:51]} b5
{[%clk 0:13:56]} 14. Bxg7 {[%clk 0:14:56]} Kxg7 {[%clk 0:14:05]} 15. cxb5
{[%clk 0:14:18]} axb5 {[%clk 0:14:14]} 16. Bxb5 {[%clk 0:14:16]} Bd7
{[%clk 0:13:53]} 17. Bxd7 {[%clk 0:13:56]} Qxd7 {[%clk 0:14:01]} 18. h4
{[%clk 0:14:04]} Qg4 {[%clk 0:05:47]} 19. Qg5 {[%clk 0:12:53]} Rab8
{[%clk 0:05:31]} 20. Rhf1 {[%clk 0:11:49]} h6 {[%clk 0:03:34]} 21. Qxg4
{[%clk 0:11:46]} Nxg4 {[%clk 0:03:43]} 22. Rxf8 {[%clk 0:11:55]} Rxf8
{[%clk 0:03:29]} 23. a4 {[%clk 0:11:42]} Ne3 {[%clk 0:03:21]} 24. Rd2
{[%clk 0:10:28]} Rf1+ {[%clk 0:01:57]} 25. Nd1 {[%clk 0:10:36]} Re1
{[%clk 0:02:06]} 26. a5 {[%clk 0:10:21]} Nxd1 {[%clk 0:02:15]} 27. Rxd1
{[%clk 0:10:26]} Rxe4 {[%clk 0:02:23]} 28. Rd3 {[%clk 0:10:28]} Rb4
{[%clk 0:02:10]} 29. a6 {[%clk 0:10:35]} Rb8 {[%clk 0:02:16]} 30. Rc3
{[%clk 0:10:42]} Rc8 {[%clk 0:01:16]} 31. b4 {[%clk 0:10:47]} Kf6
{[%clk 0:01:12]} 32. b5 {[%clk 0:10:51]} Rb8 {[%clk 0:00:50]} 33. a7
{[%clk 0:10:58]} Ra8 {[%clk 0:00:56]} 34. Rxc7 {[%clk 0:11:07]} e4
{[%clk 0:01:05]} 35. b6 {[%clk 0:11:12]} Ke5 {[%clk 0:01:13]} 36. b7
{[%clk 0:11:12]} Rxa7 {[%clk 0:01:05]} 37. b8=Q {[%clk 0:11:20]} Ra1+
{[%clk 0:01:12]} 38. Kd2 {[%clk 0:11:26]} g5 {[%clk 0:01:14]} 39. Qh8+
{[%clk 0:11:33]} Kxd5 {[%clk 0:01:12]} 40. Qxa1 {[%clk 0:11:41]} h5
{[%clk 0:01:14]} 41. Qa2+ {[%clk 0:11:49]} Ke5 {[%clk 0:01:22]} 42. Re7+
{[%clk 0:11:58]} Kf4 {[%clk 0:01:29]} 43. Qb3 {[%clk 0:11:59]} gxh4
{[%clk 0:01:35]} 44. Qe3+ {[%clk 0:12:07]} Kf5 {[%clk 0:01:43]} 45. Qxe4+
{[%clk 0:12:13]} Kf6 {[%clk 0:01:52]} 46. Re6+ {[%clk 0:12:21]} Kg7
{[%clk 0:02:00]} 47. Qg6+ {[%clk 0:12:30]} 1-0